Global Commercial Property Monitor (Record no. 121351)

MARC details
000 -LEADER
fixed length control field 01194nam a22001937a 4500
008 - FIXED-LENGTH DATA ELEMENTS--GENERAL INFORMATION
fixed length control field 230202s2023 xxk|||||o|||| 00| 0 eng d
041 ## - LANGUAGE CODE
Language code of text/sound track or separate title eng
110 ## - MAIN ENTRY--CORPORATE NAME
Corporate author Royal Institution of Chartered Surveyors
245 ## - TITLE STATEMENT
Title Global Commercial Property Monitor
Subtitle Q4 2022
Medium [Electronic resource]
260 ## - PUBLICATION INFORMATION
Place of publication London,
Publisher Royal Institution of Chartered Surveyors,
Date 2023
490 ## - SERIES TITLE
Series statement RICS Global Commercial Property Monitor
Volume Q4 2022
520 ## - ABSTRACT
Abstract A rise in interest rates and generally downbeat economic conditions led to a decline in the Global Commercial Property Sentiment Index (CPSI) towards the end of 2022 (-11 in Q3 to -15 during Q4). However, sentiment is still less negative than during the recent pandemic and in the aftermath of the Global Financial Crisis, when the Global CPSI reached a low of almost -40 in the first case, and close to -50 in the second.
650 ## - KEYWORDS
Keywords COMMERCIAL PROPERTY
651 ## - SUBJECT ADDED ENTRY--GEOGRAPHIC NAME
Geographic name International
690 ## - BROAD SUBJECT
9 (RLIN) 6227
Broad subject Commercial property
710 ## - ADDED CORPORATE NAME
Added corporate author Royal Institution of Chartered Surveyors
856 ## - ONLINE RESOURCE
Uniform Resource Identifier <a href="https://www.rics.org/globalassets/rics-website/media/knowledge/research/market-surveys/q4-2022-gcpm-headline-report.pdf">https://www.rics.org/globalassets/rics-website/media/knowledge/research/market-surveys/q4-2022-gcpm-headline-report.pdf</a>
Public note Available free on RICS.org
942 ## - ADDED ENTRY ELEMENTS (KOHA)
Suppress in OPAC Do not suppress in OPAC
Holdings
Lost status Damaged status Not for loan Current library Shelving location Date acquired Total Checkouts Date last seen Price effective from Koha item type
      Virtual Online 02/02/2023   02/02/2023 02/02/2023 Online material